| 000 | 00358nam a2200133 a 4500 | ||
|---|---|---|---|
| 005 | 20140414093836.0 | ||
| 008 | 090115s19uu xx uuu eng d | ||
| 050 |
_aCDR 515.35 _bMUL 1995 |
||
| 245 | _aMultimedia differential equations. | ||
| 650 |
_aDifferential equations _xInteractive video. |
||
| 650 | _aMathematics. | ||
| 942 | _cAVM | ||
| 999 |
_c109006 _d109006 |
||